Zur Rückfälligkeit Drogenabhängiger nach Behandlung im Rahmen des Strafvollzugs (Vollzugskrankenhaus Hohenasperg)

Gespeichert in:  
Bibliographische Detailangaben
1. VerfasserIn: Dolde, Gabriele (Verfasst von)
Medienart: Druck Aufsatz
Sprache:Deutsch
Veröffentlicht: 1982
In: Zeitschrift für Strafvollzug und Straffälligenhilfe
Jahr: 1982, Band: 31, Heft: 4, Seiten: 213 - 219
Bestand in Albert-Krebs Bibliothek:Z.01
24.1975 - 55.2006
Verfügbarkeit prüfen: HBZ Gateway
Schlagwörter:

MARC

LEADER 00000caa a22000002c 4500
001 1818628600
003 DE-627
005 20240508134910.0
007 tu
008 221011s1982 xx ||||| 00| ||ger c
035 |a (DE-627)1818628600 
035 |a (DE-599)KXP1818628600 
040 |a DE-627  |b ger  |c DE-627  |e rakwb 
041 |a ger 
084 |a 2,1  |2 ssgn 
084 |a 485  |2 bwlb 
084 |a 571  |2 bwlb 
100 1 |a Dolde, Gabriele  |0 (DE-588)1063915171  |0 (DE-627)812694775  |0 (DE-576)160761379  |4 aut 
109 |a Dolde, Gabriele 
245 1 0 |a Zur Rückfälligkeit Drogenabhängiger nach Behandlung im Rahmen des Strafvollzugs (Vollzugskrankenhaus Hohenasperg) 
264 1 |c 1982 
336 |a Text  |b txt  |2 rdacontent 
337 |a ohne Hilfsmittel zu benutzen  |b n  |2 rdamedia 
338 |a Band  |b nc  |2 rdacarrier 
610 2 7 |0 (DE-588)5297425-X  |0 (DE-627)248667831  |0 (DE-576)197142877  |a Justizvollzugsanstalt  |g Asperg  |2 gnd  |7 (dpeaa)DE-631 
650 7 |a Justizvollzugskrankenhaus <Asperg-Hohenasperg>  |0 (DE-631)102039  |2 DE-631  |7 (dpeaa)DE-631 
650 0 7 |0 (DE-588)4032786-3  |0 (DE-627)106260227  |0 (DE-576)208998667  |a Krankenhaus  |2 gnd  |7 (dpeaa)DE-631 
650 0 7 |0 (DE-588)4057808-2  |0 (DE-627)106149415  |0 (DE-576)20912377X  |a Strafvollzug  |2 gnd  |7 (dpeaa)DE-631 
650 0 7 |0 (DE-588)4126446-0  |0 (DE-627)105732346  |0 (DE-576)209585137  |a Suchtkrankenhilfe  |2 gnd  |7 (dpeaa)DE-631 
650 0 7 |0 (DE-588)4138597-4  |0 (DE-627)104577576  |0 (DE-576)209687398  |a Drogenabhängigkeit  |2 gnd  |7 (dpeaa)DE-631 
651 7 |0 (DE-588)4025545-1  |0 (DE-627)106292692  |0 (DE-576)208961615  |a Hohenasperg  |g Asperg  |2 gnd  |7 (dpeaa)DE-631 
773 0 8 |i Enthalten in  |t Zeitschrift für Strafvollzug und Straffälligenhilfe  |d Wiesbaden : Ges. für Fortbildung der Strafvollzugsbediensteten, 1975  |g 31. 1982. - S. 213 - 219  |w (DE-627)130166723  |w (DE-600)519517-2  |w (DE-576)015709817  |x 0342-3514  |7 nnas 
773 1 8 |g volume:31  |g year:1982  |g number:4  |g pages:213 - 219 
935 |a mkri  |a BWLB 
951 |a AR 
AKB |a 24.1975 - 55.2006  |b Z.01 
ELC |b 1 
LOK |0 000 xxxxxcx a22 zn 4500 
LOK |0 001 4196295274 
LOK |0 003 DE-627 
LOK |0 004 1818628600 
LOK |0 005 20221011151227 
LOK |0 008 221011||||||||||||||||ger||||||| 
LOK |0 035   |a (DE-2619)pk01473 
LOK |0 040   |a DE-2619  |c DE-627  |d DE-2619 
LOK |0 092   |o n 
LOK |0 852   |a DE-2619 
LOK |0 852 1  |m p  |9 00 
LOK |0 935   |a kreb 
LOK |0 938   |k p 
LOK |0 939   |a 11-10-22  |b l01 
ORI |a SA-MARC-krimdoka001.raw